| 000 | 01045cam a22002537a 4500 | ||
|---|---|---|---|
| 001 | 2778 | ||
| 005 | 20240116145113.0 | ||
| 020 | _a9780545003995 (pbk.) | ||
| 020 | _a9780545003995 | ||
| 040 |
_aDLC _cDLC _dDLC _beng |
||
| 082 | _a310 | ||
| 100 | 1 | _aRoland, Timothy | |
| 245 | 1 | 0 |
_aKooks in the cafeteria / _cby Timothy Roland |
| 250 | _aFirst printing, January 2008 | ||
| 260 |
_aNew York : _bScholastic, _c2008 |
||
| 300 |
_a91 pages : _billustrations ; _c20 cm |
||
| 490 | 0 | _aComic guy | |
| 505 | _aK | ||
| 520 | _aAfter falling asleep in math class, Guy is sentenced to one week of Kitchen Patrol. He quickly discovers there's something rotten in the school cafeteria -- and it's not the food! Guy makes meals (and messes) as he investigates why the head cook, the big bad Mrs. Wolf, doesn't help with the work. It's a recipe for trouble -- can he uncover her secret before it's too late? | ||
| 521 |
_a510
_bLexile |
||
| 521 |
_aK
_bRaz-Plus |
||
| 906 |
_a7 _bcbc _corignew _d4 _encip _f20 _gy-gencatlg |
||
| 942 |
_2ddc _cBK _n0 |
||
| 999 |
_c2778 _d2778 |
||